| 000 | 00818cab a2200229 4500 | ||
|---|---|---|---|
| 001 | ABS53078 | ||
| 008 | 090401t1995 xxu||||| |||| 00| 0 eng d | ||
| 035 | _a(Sirsi) u1838 | ||
| 041 | _aeng | ||
| 100 | _aTaylor, P. | ||
| 245 | _aClosing gaps in a keep open clause | ||
| 260 | _c1995 | ||
| 350 | _a0 | ||
| 490 |
_aEstates Times _v(1283) 9 June 1995, 6(1) |
||
| 520 | _aReviews the decisions in Scottish courts enforcing keep open covenants and asks whether English courts would do the same. The answer, through the cases to date, is probably not. Reviews cases and anticipates what the court of appeal would do if a case went that far. | ||
| 650 | _aCOMMERCIAL LEASES | ||
| 650 | _aENFORCEMENT | ||
| 650 | _aKEEP OPEN COVENANTS | ||
| 690 |
_aLandlord and tenant _96252 |
||
| 942 | _n0 | ||
| 948 | _c04/03/1997 | ||
| 999 |
_c1065 _d1065 |
||